Hangtani jelenségek Nagykónyi község nyelvjárásában

Elmentve itt :
Bibliográfiai részletek
Szerző: Szabó József
További közreműködők: nincs megadva (Témavezető)
Dokumentumtípus: Disszertáció
Megjelent: 1966
Kulcsszavak:Magyar nyelvészet
Tárgyszavak:
Online Access:http://doktori.ek.szte.hu/8759
LEADER 00692nta a2200205 i 4500
001 dokt8759
005 20240207142137.0
008 240207s1966 hu om 000 hun d
040 |a SZTE Doktori Repozitórium  |b hun 
041 |a hun 
100 1 |a Szabó József 
245 1 0 |a Hangtani jelenségek Nagykónyi község nyelvjárásában  |h [elektronikus dokumentum] /  |c  Szabó József 
260 |c 1966 
502 |a Disszertacio 
650 4 |a nyelvtudományok 
650 4 |a Bölcsészettudományok 
650 4 |a Nyelvek és irodalom 
695 |a Magyar nyelvészet 
700 0 1 |a nincs megadva  |e ths 
856 4 0 |u https://doktori.bibl.u-szeged.hu/id/eprint/8759/1/1966_szabo_jozsef_02.pdf  |z Dokumentum-elérés